| 000 | 00751nam a2200241 4500 | ||
|---|---|---|---|
| 001 | 45647 | ||
| 010 | _a9789892355887 | ||
| 021 |
_aPT _b508415/22 |
||
| 090 | _a45647 | ||
| 100 | _a20231124d2023 e y0pory50030103ba | ||
| 102 | _aPT | ||
| 200 | 1 |
_aRuina e revolta _fLeigh Bardugo _gtrad. Raquel Dutra Lopes |
|
| 205 | _a1<U+00AA> ed | ||
| 210 | 9 |
_aAlfragide _cASA, _d2023 |
|
| 215 |
_a372 p. _cil. _d24 cm |
||
| 225 | 2 |
_a1001 mundos _iTriologia Grisha _vV.3 |
|
| 304 | _aTít. orig.: Ruin and rising | ||
| 675 |
_a821.111(73)-93"20" _vBN _zpor |
||
| 700 | 1 |
_aBardugo, _bLeigh _f1975- |
|
| 702 | 1 |
_aLopes, _bRaquel, _f1983- |
|
| 801 | 0 |
_aPT _bBN _gRPC |
|
| 856 | 4 | 1 | _uhttp://rnod.bnportugal.gov.pt/ImagesBN/winlibimg.aspx?skey=&doc=2150159&img=186261&save=true |
| 990 | _cLIVROS | ||